<?xml version="1.0" encoding="UTF-8"?>
<collection xmlns="http://www.loc.gov/MARC21/slim">
    <record>
        <controlfield tag="001">96629</controlfield>
        <controlfield tag="005">20201120151213.0</controlfield>
        <datafield tag="037" ind1=" " ind2=" ">
            <subfield code="a">TAZ-TFG-2020-1712</subfield>
        </datafield>
        <datafield tag="041" ind1=" " ind2=" ">
            <subfield code="a">spa</subfield>
        </datafield>
        <datafield tag="100" ind1="1" ind2=" ">
            <subfield code="a">Zabala Mené, Josu</subfield>
        </datafield>
        <datafield tag="242" ind1="0" ind2="0">
            <subfield code="a">Amyotrophic Lateral Sclerosis. Bibliographic review.</subfield>
        </datafield>
        <datafield tag="245" ind1="0" ind2="0">
            <subfield code="a">Esclerosis Lateral Amiotrófica. Revisión bibliográfica.</subfield>
        </datafield>
        <datafield tag="260" ind1=" " ind2=" ">
            <subfield code="a">Zaragoza</subfield>
            <subfield code="b">Universidad de Zaragoza</subfield>
            <subfield code="c">2020</subfield>
        </datafield>
        <datafield tag="506" ind1=" " ind2=" ">
            <subfield code="a">by-nc-sa</subfield>
            <subfield code="b">Creative Commons</subfield>
            <subfield code="c">3.0</subfield>
            <subfield code="u">http://creativecommons.org/licenses/by-nc-sa/3.0/</subfield>
        </datafield>
        <datafield tag="520" ind1=" " ind2=" ">
            <subfield code="a">Introducción: La ELA es una enfermedad neurodegenerativa que avanza inexorablemente hasta la parálisis y defunción del paciente en un tiempo medio de 3 a 5 años desde la aparición de la enfermedad. Supone un importante problema de salud, por su gravedad e impacto en el paciente, la familia y su entorno.&lt;br />Objetivo: Realizar una investigación documental recopilando la información científica actual existente sobre la Esclerosis Lateral Amiotrófica (ELA).&lt;br />Metodología: Se realiza la búsqueda mediante la combinación de términos DeCS (Esclerosis lateral amiotrófica, enfermedad, epidemiología, etiología, diagnóstico, tratamiento, cuidados y enfermería) y MeSH (Amyotrophic lateral sclerosis, disease, epidemiology, etiology, diagnostic, treatment, care y nursing) y el operador booleano AND empleando como fuentes de información: MEDLINE (vía PubMed), Biblioteca Cochrane, Scielo, Cuiden y Google académico.&lt;br />Desarrollo: Esclerosis Lateral Amiotrófica o enfermedad de Charcot es un trastorno neurológico degenerativo que se caracteriza por una degeneración progresiva de las neuronas motoras. En Europa aparece con una incidencia media de 2,36/100000/año y prevalencia que oscila entre los 2 y 5 casos por cada 100000 habitantes. Aunque la causa todavía sigue siendo desconocida, los estudios la asocian a una exposición de agentes exógenos y predisposición genética. Existe un claro retraso diagnóstico de entorno a un año, y actualmente solo un fármaco se emplea como tratamiento definitivo: riluzol. El abordaje de la enfermedad se basa en la asistencia multidisciplinar, que agrupa un gran número de profesionales de la salud y servicios sociales.&lt;br />Conclusiones: aunque existen grandes avances tanto en el conocimiento de la enfermedad como en el abordaje multidisciplinar de la ELA, todavía se encuentran incógnitas en el trayecto diagnóstico y en la búsqueda de un tratamiento efectivo.&lt;br />&lt;br /></subfield>
        </datafield>
        <datafield tag="521" ind1=" " ind2=" ">
            <subfield code="a">Graduado en Enfermería</subfield>
        </datafield>
        <datafield tag="540" ind1=" " ind2=" ">
            <subfield code="a">Derechos regulados por licencia Creative Commons</subfield>
        </datafield>
        <datafield tag="700" ind1=" " ind2=" ">
            <subfield code="a">Tosat Mancho, Carmen</subfield>
            <subfield code="e">dir.</subfield>
        </datafield>
        <datafield tag="710" ind1="2" ind2=" ">
            <subfield code="a">Universidad de Zaragoza</subfield>
            <subfield code="b"> </subfield>
            <subfield code="c"></subfield>
        </datafield>
        <datafield tag="856" ind1="0" ind2=" ">
            <subfield code="f">744777@unizar.es</subfield>
        </datafield>
        <datafield tag="856" ind1="4" ind2=" ">
            <subfield code="s">2096748</subfield>
            <subfield code="u">http://zaguan.unizar.es/record/96629/files/TAZ-TFG-2020-1712.pdf</subfield>
            <subfield code="y">Memoria (spa)</subfield>
        </datafield>
        <datafield tag="909" ind1="C" ind2="O">
            <subfield code="o">oai:zaguan.unizar.es:96629</subfield>
            <subfield code="p">driver</subfield>
            <subfield code="p">trabajos-fin-grado</subfield>
        </datafield>
        <datafield tag="950" ind1=" " ind2=" ">
            <subfield code="a"></subfield>
        </datafield>
        <datafield tag="951" ind1=" " ind2=" ">
            <subfield code="a">deposita:2020-11-20</subfield>
        </datafield>
        <datafield tag="980" ind1=" " ind2=" ">
            <subfield code="a">TAZ</subfield>
            <subfield code="b">TFG</subfield>
            <subfield code="c">ENFHUES</subfield>
        </datafield>
        <datafield tag="999" ind1=" " ind2=" ">
            <subfield code="a">20200623101452.CREATION_DATE</subfield>
        </datafield>
    </record>

    
</collection>